00383pab a2200133 454500008004000000100002100040245008200061260000900143300001200152362000800164650002000172700002600192773003100218180718b1999 xxu||||| |||| 00| 0 eng d aMian, Sarfraz A. aDecision-making over the project life cycle: an analytical hierarchy approach c1999 ap.40-52 aMar aDecision making aDai, Christine Xiaoyi aProject Management Journal